000 01046cam a2200277 a 4500
001 2124528
003 ARRUPE
005 20131129140135.0
008 970424s1997 nyu b 001 0 eng
010 _a 97016989
020 _a0801433959 (cloth : alk. paper)
020 _a0801485029 (pbk. : alk. paper)
040 _aDLC
_cDLC
_dDLC
050 0 0 _aB2430.S33
_bE8384 1997
082 0 0 _a126/.092
_221
100 1 _aWider, Kathleen Virginia,
_d1944-
_94460
245 1 4 _aThe bodily nature of consciousness :
_bSartre and contemporary philosophy of mind /
_cKathleen Wider.
260 _aIthaca :
_bCornell University Press,
_c1997.
300 _ax, 207 p. ;
_c24 cm.
504 _aIncludes bibliographical references (p. 175-202) and index.
600 1 0 _aSartre, Jean-Paul,
_d1905-1980.
_tEtre et le néant.
_94461
650 0 _aConsciousness.
_94462
906 _a7
_bcbc
_corignew
_d1
_eocip
_f19
_gy-gencatlg
942 _2lcc
_cMONOGRAPH
999 _c118864
_d118864